Diccionario de clichés (Record no. 182994)

MARC details
000 -LEADER
campo de control de longitud fija 01104nam a2200241 i 4500
001 - NÚMERO DE CONTROL
campo de control 182994
003 - IDENTIFICADOR DE NÚMERO DE CONTROL
campo de control ES-MaACL
005 - FECHA Y HORA DE LA ÚLTIMA TRANSACCIÓN
campo de control 20231027151716.0
008 - DATOS DE LONGITUD FIJA--INFORMACIÓN GENERAL
campo de control de longitud fija 140110s2006 sp d |||| | spa d
020 ## - NÚMERO INTERNACIONAL ESTÁNDAR DEL LIBRO
Número Internacional Estándar del Libro 84-7628-488-8
080 ## - NÚMERO DE LA CLASIFICACIÓN DECIMAL UNIVERSAL
Número de la Clasificación Decimal Universal (038)=134.2'373.72
100 1# - ENTRADA PRINCIPAL--NOMBRE DE PERSONA
Nombre de persona Carbonell Basset, Delfín.
9 (RLIN) 35057
245 10 - MENCIÓN DEL TÍTULO
Título Diccionario de clichés
Resto del título : manual-guía de la principal y actual fraseología tópica castellana, con lugares comunes, locuciones inertes, símiles manidos, metáforas muertas, modismos trillados, bordones conversacionales, colocaciones hueras y partículas expletivas... /
Mención de responsabilidad, etc. Delfín Carbonell Basset ; prólogo de José Jiménez Lozano.
250 ## - MENCION DE EDICION
Mención de edición 1ª ed.
260 ## - PUBLICACIÓN, DISTRIBUCIÓN, ETC.
Lugar de publicación, distribución, etc. Barcelona :
Nombre del editor, distribuidor, etc. Ediciones del Serbal,
Fecha de publicación, distribución, etc. 2006.
300 ## - DESCRIPCIÓN FÍSICA
Extensión 502 p. ;
Dimensiones 22 cm.
650 04 - PUNTO DE ACCESO ADICIONAL DE MATERIA--TÉRMINO DE MATERIA
Término de materia o nombre geográfico como elemento de entrada Lengua española-
Subdivisión general Modismos-
Subdivisión de forma Diccionarios.
9 (RLIN) 14175
700 0# - ENTRADA AGREGADA--NOMBRE PERSONAL
Nombre de persona Jiménez Lozano, José.
9 (RLIN) 66552
852 ## - LOCALIZACIÓN
Ubicación ES-MaACL
Número de control de estantería A-12941
itemnumber 189927
Sublocalización o colección R.149800
Ubicación en estantería Depósito 1
Signatura antigua Olim: N-5941
Encuadernación Donación: Real Academia Española
914 ## - NOMBRE ENTIDAD DE DONANTE
RLIN 6336
Nombre de congreso/reunión o jurisdicción como elemento de entrada Real Academia Española
Unidad subordinada Donante
942 ## - ELEMENTOS DE ENTRADA SECUNDARIOS (KOHA)
Fuente del sistema de clasificación o colocación Clasificación decimal universal
Tipo de ítem Koha Libro impreso
Holdings
Estatus retirado Estado de pérdida Fuente del sistema de clasificación o colocación Estado de daño No para préstamo Colección Biblioteca de origen Biblioteca actual Ubicación en estantería Fecha de adquisición Fuente de adquisición Total de préstamos Signatura topográfica completa Código de barras Visto por última vez Precio de reemplazo Tipo de ítem Koha
    Clasificación decimal universal     Colección de referencia Biblioteca del Ateneo de Madrid Biblioteca del Ateneo de Madrid Depósito 1 10/01/2014 Donación   A-12941 1192333 23/02/2023 23/02/2023 Libro impreso